LEADER 01068nam0 2200265 i 450 001 SUN0062987 005 20140623052907.882 100 $a20080220d1993 |0engc50 ba 101 $aeng 102 $aGB 105 $a|||| ||||| 200 1 $aˆAn ‰exhibition of master drawings$fpresented by Jean-Luc Baroni 205 $aNew York$gLondon : Colnaghi, 1993 210 $d1 v. : ill. ; 30 cm 215 $aPublished to accompany an exhibition in New York and London 1993. 620 $aGB$dLondon$3SUNL000015 676 $a741.9$v21 702 1$aBaroni$b, Jean-Luc$3SUNV022728 712 $aColnaghi$3SUNV001430$4650 801 $aIT$bSOL$c20181109$gRICA 912 $aSUN0062987 950 $aUFFICIO DI BIBLIOTECA DEL DIPARTIMENTO DI LETTERE E BENI CULTURALI$d07 CONS Cb New York 1993/I $e07 70241 995 $aUFFICIO DI BIBLIOTECA DEL DIPARTIMENTO DI LETTERE E BENI CULTURALI$bIT-CE0103$h70241$kCONS Cb New York 1993/I$oc$qa 996 $aExhibition of master drawings$9768511 997 $aUNICAMPANIA LEADER 00810ojm 2200229z- 450 001 9910155699003321 005 20230913112557.0 010 $a1-5124-4618-1 035 $a(CKB)3710000000976547 035 $a(BIP)058891650 035 $a(EXLCZ)993710000000976547 100 $a20231107c2017uuuu -u- - 101 0 $aeng 200 10$aLet's Make a Bar Graph 210 $cLerner 215 $a1 online resource (24 p.) 330 8 $aAudisee® eBooks with Audio combine professional narration and text highlighting to engage reluctant readers! Nan surveys her class to find out what types of pets they have. See how she creates a bar graph to share her results. 700 $aNelson$b Robin$0756505 906 $aAUDIO 912 $a9910155699003321 996 $aLet's Make a Bar Graph$93600469 997 $aUNINA